000 01339cam a2200409 4500
999 _c23562
_d23562
001 vtls012009119
005 20231110093632.0
008 220509s2020 xo gr 000 f slo
020 _a9788055174891
_q(viazané)
035 _aurn:nbn:sk:snk-am00gmc0
035 _aurn:nbn:sk:snk-am3j7h6
035 _a3C45EDD3-9018-48B2-9E1C-B856CE16F9C8
040 _aGAGK
_bslo
_cGAGK
_erda
041 1 _aslo
_hswe
044 _axo
_cSK
072 7 _a821.11
_xGermánske literatúry
_2konspekt
080 _a821.113.6-31
_22011
080 _a(0:82-312.4)
_22011
100 1 _aSund, Erik Axl
_4aut
_93893
240 1 0 _aDockliv
_lSlovensky
245 1 0 _aBábkar
_cErik Axl Sund ; preložila Jana Melichárková
264 1 _aBratislava
_bIkar
_c2020
300 _a446 strán
_c23 cm
336 _atext
_btxt
_2rdacontent
337 _abez média
_bn
_2rdamedia
338 _azväzok
_bnc
_2rdacarrier
500 _aPreložené zo švédčiny
500 _aObsahuje biografické údaje o autoroch
655 7 _ašvédske romány
_2SNKPH
_91715
655 7 _aSwedish fiction
_2SNKPHeng
_91716
655 7 _aDetective novels
_2SNKPHeng
_91711
655 7 _adetektívne romány
_2SNKPH
_91710
700 1 _aMelichárková, Jana
_c(prekladateľka)
_4trl
_92527
700 1 _aSund, Erik Axl
_tSklenené telá
_93894
958 _aLX
958 _aUP